CSGO Players by Letter: H - Statistics

General Stats
  • This quiz has been taken 29 times
  • The average score is 10 of 13
Answer Stats
Nationality Role(s) Team(s) Player % Correct
Denmark IGL / Entry MAD Lions / Copenhagen Flames / G2 Esports HooXi
100%
Kazakhstan Rifler Gambit / Cloud 9 HObbit
96%
Ukraine AWP NAVI Junior / Ninjas in Pyjamas headtr1ck
91%
Bosnia-Serbia Lurker CR4ZY / G2 Esports HuNter-
91%
Norwegian AWP Dignitas / Complexity Gaming Hallzerk
87%
Sweden Lurker Ninjas in Pyjamas Hampus
87%
Poland AWP ENCE / 9INE hades
83%
France Lurker Team LDLC.com / Team Envy / Team Vitality Happy
74%
Brazil AWP Immortals / Luminosity Gaming / FURIA Esports / MIBR HEN1
74%
USA Lurker Cloud 9 / iBUYPOWER / Team Liquid / Rogue Hiko
65%
Canada Entry Evil Geniuses HexT
48%
Brazil Entry / AWP FURIA Academy / FURIA Esports / Case Esports honda
43%
Brazil Rifler paiN Gaming hardzao
39%
No matching quizzes found
Score Distribution
Percent of People with Each Score
Percentile by Number Answered
Your Score History
You have not taken this quiz